000 01491cam a2200325 i 4500
001 9302
003 FISKH
005 20260106085504.0
008 130531s2014 nyua j b 001 0 eng
010 _a 2013021639
020 _a9780531211533
_qlibrary binding
020 _a9780531253595
_qpaperback
035 _a17758815
040 _aDLC
_beng
_cDLC
_erda
_dDLC
050 0 0 _aQB611
_b.S67 2014
082 0 0 _a523.41
_223
100 1 _aSquire, Ann.
245 1 0 _aPlanet Mercury /
_cAnn O. Squire.
260 _aNew York :
_bScholastic
_c2014.
300 _a48 pages :
_billustrations (chiefly color) ;
_c22 cm.
490 0 _aA true book
504 _aIncludes bibliographical references and index.
505 0 _aA Hot, Dry Planet -- What is Mercury Made of? -- The Big Truth : Mercury's Strange Orbit -- Early Views of Mercury -- Exploring Mercury -- Timeline -- True Statistics -- Important Words.
520 _aBecause it is closer to the sun than any other planet in the solar system, the surface of Mercury is extremely hot. Readers will discover what it is like on the surface of this small planet. They will also find out how the planet was discovered, what it is made of, and how scientists are working to learn more about it today.
651 0 _aMercury (Planet)
_vJuvenile literature.
655 7 _aLiterature.
_2lcgft
_0https://id.loc.gov/authorities/genreForms/gf2014026415
906 _a7
_bcbc
_corignew
_d1
_eecip
_f20
_gy-gencatlg
942 _2ddc
_cBK
_n0
999 _c9302
_d9302